Grid computing : (Record no. 193064)

MARC details
000 -LEADER
fixed length control field 00721nam a2200217Ia 4500
005 - DATE AND TIME OF LATEST TRANSACTION
control field 20220720093742.0
008 - FIXED-LENGTH DATA ELEMENTS--GENERAL INFORMATION
fixed length control field 210716s2009 xx 000 0 und d
020 ## - INTERNATIONAL STANDARD BOOK NUMBER
International Standard Book Number 9781420067668
040 ## - CATALOGING SOURCE
Transcribing agency AIMIT LIBRARY
041 ## - LANGUAGE CODE
Language code of text/sound track or separate title eng
082 ## - DEWEY DECIMAL CLASSIFICATION NUMBER
Classification number 005.4482
Edition number 1
Item number WANL
245 ## - TITLE STATEMENT
Title Grid computing :
Remainder of title infrastructure service and applications /
Statement of responsibility, etc. Edited by Lizhe Wang, Wei Jie and Jinjun Chen.
250 ## - EDITION STATEMENT
Edition statement 1st ed.
260 ## - PUBLICATION, DISTRIBUTION, ETC.
Place of publication, distribution, etc. New York :
Name of publisher, distributor, etc. CRC Press ,
Date of publication, distribution, etc. 2009 .
300 ## - PHYSICAL DESCRIPTION
Extent xvi, 512p. ;
Other physical details PB
Dimensions 23 cm.
650 ## - SUBJECT ADDED ENTRY--TOPICAL TERM
Topical term or geographic name entry element Grid infrastructure and middleware
9 (RLIN) 51158
650 ## - SUBJECT ADDED ENTRY--TOPICAL TERM
Topical term or geographic name entry element Flow networking in grid simulations
9 (RLIN) 51537
700 ## - ADDED ENTRY--PERSONAL NAME
Personal name Jie, Wei.
9 (RLIN) 51157
700 ## - ADDED ENTRY--PERSONAL NAME
Personal name Chen, Jinjun.
9 (RLIN) 51538
942 ## - ADDED ENTRY ELEMENTS (KOHA)
Source of classification or shelving scheme Dewey Decimal Classification
Koha item type Book
Edition 1st
Call number prefix 005.448 WANL
Holdings
Withdrawn status Lost status Source of classification or shelving scheme Damaged status Not for loan Collection code Home library Current library Source of acquisition Cost, normal purchase price Inventory number Total Checkouts Full call number Barcode Date last seen Cost, replacement price Price effective from Koha item type
    Dewey Decimal Classification     MCA St Aloysius Institute of Management & Information Technology St Aloysius Institute of Management & Information Technology Athulya Books 795.00 Bno:ABK598;Bdt:2012-10-08   005.4482 WANL MCA12572 05/23/2026 596.25 07/16/2021 Book
    Dewey Decimal Classification     MCA St Aloysius Institute of Management & Information Technology St Aloysius Institute of Management & Information Technology Knowledge World 895.00 Bill no:341; Bill dt:2014-11-28   005.4482 WANL MCA13761 05/23/2026 671.25 07/16/2021 Book